Регионална библиотека "Любен Каравелов" - Русе

От коя приказка съм? (Запис номер 149583)

MARC детайли
000 -Лидер
Контролно поле с фиксирана дължина 01489nam a2200337 c 4500
003 - Код на организацията, давaща контролен номер
Контролно поле BLK
005 - Дата и час на последна редакция
Контролно поле 20210712162247.0
008 - Елементи от данни с фиксирана дължина
fixed length control field 180410b bul|||||r ||||||| ||bul||
010 ## - Наследен системен номер
LC control number KNG00155851000
040 ## - Източник на каталожния запис
Идентификатор на билиотеката - собственик на записа BLK
041 ## - Код за език
Код за езика на текст/звукозапис или на отделно заглавие Български
Код за езика КДБФ Български
080 ## - УДК
Текстов определител УДК Други игри. Викторини, гатанки, поговорки, кръстословици и др.
УДК код - определител по УДК 793.7
УДК определител
УДК - код + определител 793.7
080 ## - УДК
Текстов определител УДК Издания за деца и юноши. Книжки-картинки. Читанки. Вж и 372.4
УДК код - определител по УДК 087.5
УДК определител
УДК - код + определител 087.5
100 1# - Редна дума - Автор
Автор Цветанова, Боряна
Авторска отговорност първи автор
R(LIN) 330547
139 ## - Редно поле
Редна дума Цветанова, Боряна
Авторски знак Цвет - Ц 30
245 10 - Сведения за заглавието
Заглавие От коя приказка съм?
Подзаглавни данни Кн.-играчка
Редно поле (дума) Боряна Цветанова; худож. Венелин Димитров Вълканов.
257 ## - Страна на издаване
Страна на създаване/издаване България
260 ## - Област на издателските данни
-- София
Име на издателя, разпространителя и проч. Отечество
Година на издаване 1986
Печатница София : Д. Благоев
300 ## - Физическа характеристика
Страници 64 с.
Илюстрации и др. с цв. ил.
Размери/Мащаб 17Х24 см
380 ## - Жанр
Жанр Детска отраслова лит.
500 ## - Общи забележки
Забележка 96 115 тир.
650 #4 - Допълнително описание по предмет – тема
Основно описание – тема или топоним Детски игри
9 (RLIN) 241574
653 ## - Ключова дума – ненормативна
Ключова дума книги-игри
653 ## - Ключова дума – ненормативна
Ключова дума литература за деца
700 1# - Други автори (авторска отговорност)
Лично име Вълканов, Венелин Димитров
Автороска отговорност (Описва отношението между автора и произведението) худож.
9 (RLIN) 366810
852 ## - Местоположение
Форматна сигнатура Цб І 35383
856 4# - Електронен адрес и достъп
Електронен формат pdf - файл
Път до файла /url/
856 4# - Електронен адрес и достъп
Електронен формат pdf - файл
Път до файла /url/
942 ## - АРТИКУЛИ
Вид на библиотечния материал Книги
Скрит в OPAC Не
Koha issues (borrowed), all copies 2
944 ## - СЪЗДАВАНЕ И РЕДАКЦИЯ на ЗАПИСА
Създаване/Редакция Създаване
Дата на регистрацията/редакция 21.01.2014
Статус, дата на статуса 21.01.2014 - от С1,Р / 21.01.2014
Служител, извършил регистрацията/редакцията Даниел_Канатов
944 ## - СЪЗДАВАНЕ И РЕДАКЦИЯ на ЗАПИСА
Създаване/Редакция Редакция
Дата на регистрацията/редакция 20.10.2015
Статус, дата на статуса 21.01.2014 - от С1,Р / 21.01.2014
Служител, извършил регистрацията/редакцията Кети_Илиева
999 ## - СИСТЕМНИ КОНТРОЛНИ НОМЕРА
Koha biblionumber 149583
Koha biblioitemnumber 149583
Наличности
Код за отписване Код за изгубен артикул Източник на класификационната схема Код за повреда Коз за рестрикции Код за отдаване Артикулен № Име на библиотеката - собственик Име на библиотеката, в която се намира в момента Статус (Текущо местоположение) Дата на вписване в системата Местоположение - отдел Цена в лева Инвентарен номер Систематично азбучна сигнатура Баркод Номер на екземпляра Цена в евро Служебна бележка Служебен тип на артикула
  Не е изгубен Universal Decimal Classification Не е повреден без рестрикции ползва се в читалня 249879 Регионална библиотека "Любен Каравелов" Русе Регионална библиотека "Любен Каравелов" Русе Хранилище 1986-01-01 Хранилище 0.53 446982 Цб І 35383 120000446982 1 0.27 Дост: Dp Вид: Д N: стар фонд Дата: 01.01.1986 Книги
Изтеглен Не е изгубен Universal Decimal Classification Не е повреден без рестрикции заемане за дома 249880 Регионална библиотека "Любен Каравелов" Русе Регионална библиотека "Любен Каравелов" Русе Детски отдел 1986-01-01 Детски отдел 0.53 567895 ДН 79/Ц 30 567895 2 0.27 Дост: Pk Вид: Ф N: стар фонд Дата: 01.01.1986 Дата инв: 06.10.2015 Бележки инв: Д2015 Книги
  Не е изгубен Universal Decimal Classification Не е повреден без рестрикции заемане за дома 249881 Регионална библиотека "Любен Каравелов" Русе Регионална библиотека "Любен Каравелов" Русе Детски отдел 1986-01-01 Детски отдел 0.53 449536 ДН 79/Ц 30 120000449536 3 0.27 Вид: Сф Дата: 01.01.1986 Дата инв: 20.10.2015 Бележки инв: Д2015 Книги
Изтеглен Не е изгубен Universal Decimal Classification Не е повреден без рестрикции заемане за дома 249882 Регионална библиотека "Любен Каравелов" Русе Регионална библиотека "Любен Каравелов" Русе Детски отдел 1986-01-01 Детски отдел 0.53 449537 ДН 79/Ц 30 449537 4 0.27 Вид: Сф Дата: 01.01.1986 Дата инв: 20.10.2015 Бележки инв: Д2015 Книги
Изтеглен Не е изгубен Universal Decimal Classification Не е повреден без рестрикции заемане за дома 249883 Регионална библиотека "Любен Каравелов" Русе Регионална библиотека "Любен Каравелов" Русе Детски отдел 1986-01-01 Детски отдел 0.53 449538 ДН 79/Ц 30 449538 5 0.27 Вид: Сф Дата: 01.01.1986 Дата инв: 20.10.2015 Бележки инв: Д2015 Книги
Vip Innovations Ltd, Rousse, Bulgaria 2025